Producción y operaciones (Registro nro. 786)
[ vista simple ]
| 000 -LEADER | |
|---|---|
| fixed length control field | 02280 a2200433 4500 |
| 001 - CONTROL NUMBER | |
| control field | 21211 |
| 005 - DATE AND TIME OF LATEST TRANSACTION | |
| control field | 20260407155503.0 |
| 008 - FIXED-LENGTH DATA ELEMENTS--GENERAL INFORMATION | |
| fixed length control field | 260407a2004 arg spa d |
| 003 - CONTROL NUMBER IDENTIFIER | |
| control field | AR-UNSa-BCEJYS |
| 040 ## - CATALOGING SOURCE | |
| Original cataloging agency | AR-UNSa-BCEJYS |
| Language of cataloging | spa |
| Transcribing agency | AR-UNSa-BCEJYS |
| 080 ## - UNIVERSAL DECIMAL CLASSIFICATION NUMBER | |
| Universal Decimal Classification number | 658.5 |
| Common auxiliary subdivision | Planificación y control de la producción<br/> |
| 020 ## - INTERNATIONAL STANDARD BOOK NUMBER | |
| International Standard Book Number | 950-537-622-7 |
| 100 1# - MAIN ENTRY--PERSONAL NAME | |
| Personal name | Adler, Martín Oscar |
| 245 10 - TITLE STATEMENT | |
| Title | Producción y operaciones |
| 264 #1 - PRODUCTION, PUBLICATION, DISTRIBUTION, MANUFACTURE, AND COPYRIGHT NOTICE | |
| Place of production, publication, distribution, manufacture | Buenos Aires : |
| Name of producer, publisher, distributor, manufacturer | Ediciones Macchi |
| Date of production, publication, distribution, manufacture, or copyright notice | 2004 |
| 300 ## - PHYSICAL DESCRIPTION | |
| Extent | xlii, 753 p. |
| Dimensions | 26 cm. |
| 505 ## - FORMATTED CONTENTS NOTE | |
| Formatted contents note | 1. La empresa como sistema, y el subsistema de operaciones - 2. Microeconomía - 3. Estrategia de operaciones - 4. Evaluación y gerencia de proyectos - 5. Selección y diseño del producto - 6. Selección y diseño del proceso: manufactura y servicios - 7. Gestión del conocimiento y la tecnología - 8. Tecnología de operaciones - 9. Gestión de calidad - 10. Control de calidad - 11. Planeación de la capacidad - 12. Macro y microubicación de las instalaciones - 13. Distribución de instalaciones - 14. Diseño y medición del trabajo - 15. Logística y la gestión de la cadena de suministros - 16. Gestión de inventarios - 17. Planificación agregada - 18. Planificación a corto plazo (MRP) - 19. Sistema justo a tiempo - 20. Control de gestión y diagnóstico de las operaciones - 21. Gestión del mantenimiento - 22. Higiene y seguridad en el trabajo |
| 590 ## - LOCAL NOTE (RLIN) | |
| Local note | niveau_biblio:m niveau_hierar:0 |
| 700 1# - ADDED ENTRY--PERSONAL NAME | |
| Personal name | Adler, Erica Valeria |
| 700 1# - ADDED ENTRY--PERSONAL NAME | |
| Personal name | Calabuig, Alicia |
| 700 1# - ADDED ENTRY--PERSONAL NAME | |
| Personal name | Calderón Izaguirre, José Luis |
| 700 1# - ADDED ENTRY--PERSONAL NAME | |
| Personal name | Carro, Roberto |
| 700 1# - ADDED ENTRY--PERSONAL NAME | |
| Personal name | Casabene, Héctor Marcelo |
| 700 1# - ADDED ENTRY--PERSONAL NAME | |
| Personal name | Marco, Dante Juan de |
| 700 1# - ADDED ENTRY--PERSONAL NAME | |
| Personal name | Estrella Orrego, Marcelo Gustavo |
| 700 1# - ADDED ENTRY--PERSONAL NAME | |
| Personal name | Fucci, Tomás Antonio Rafael |
| 700 1# - ADDED ENTRY--PERSONAL NAME | |
| Personal name | Gimbatti, Aldo Omar |
| 700 1# - ADDED ENTRY--PERSONAL NAME | |
| Personal name | Kenis, Rafael Hugo |
| 700 1# - ADDED ENTRY--PERSONAL NAME | |
| Personal name | López Aráoz, Carlos |
| 700 1# - ADDED ENTRY--PERSONAL NAME | |
| Personal name | Martini, Marcos |
| 700 1# - ADDED ENTRY--PERSONAL NAME | |
| Personal name | Monterroso, Elda |
| 700 1# - ADDED ENTRY--PERSONAL NAME | |
| Personal name | Ogando, José Luis |
| 700 1# - ADDED ENTRY--PERSONAL NAME | |
| Personal name | Pérez Cortés, Angel Alberto |
| 700 1# - ADDED ENTRY--PERSONAL NAME | |
| Personal name | Quiroga, Cecilia Virginia |
| 700 1# - ADDED ENTRY--PERSONAL NAME | |
| Personal name | Spotorno, María Mónica |
| 700 1# - ADDED ENTRY--PERSONAL NAME | |
| Personal name | Yasem de Estofán, Irma Noemí |
| 856 41 - ELECTRONIC LOCATION AND ACCESS | |
| Uniform Resource Identifier | <a href="https://biblioeco.unsa.edu.ar/pmb/images/libros/Producci?n & Operaciones 3.jpg">https://biblioeco.unsa.edu.ar/pmb/images/libros/Producci?n & Operaciones 3.jpg</a> |
| Link text | Imagen de portada |
| Electronic format type | image/jpeg |
| 942 ## - ADDED ENTRY ELEMENTS (KOHA) | |
| Koha item type | |
| Withdrawn status | Lost status | Damaged status | Not for loan | Home library | Current library | Shelving location | Date acquired | Total checkouts | Full call number | Barcode | Date last seen | Price effective from | Koha item type | Public note |
|---|---|---|---|---|---|---|---|---|---|---|---|---|---|---|
| Biblioteca Prof. Eusebio Cleto del Rey | Biblioteca Prof. Eusebio Cleto del Rey | 07/04/2026 | 658.5 A237 | L119245 | 07/04/2026 | 07/04/2026 | Libro | MANCHAS LEVES EN INDICE | ||||||
| Biblioteca Prof. Eusebio Cleto del Rey | Biblioteca Prof. Eusebio Cleto del Rey | 07/04/2026 | 658.5 A237 | L119246 | 07/04/2026 | 07/04/2026 | Libro | PÁG. 86 Y ÚLTIMAS HOJAS ARRUGADA | ||||||
| Biblioteca Prof. Eusebio Cleto del Rey | Biblioteca Prof. Eusebio Cleto del Rey | 07/04/2026 | 658.5 A237 | L119247 | 07/04/2026 | 07/04/2026 | Libro | |||||||
| Biblioteca Prof. Eusebio Cleto del Rey | Biblioteca Prof. Eusebio Cleto del Rey | 07/04/2026 | 658.5 A237 | L119747 | 07/04/2026 | 07/04/2026 | Libro | RAYADO C/ LÁPIZ LEVE - SUBRAYADO C/ LÁPIZ - PEQUEÑA MANCHA EN ÍNDICE | ||||||
| Biblioteca Prof. Eusebio Cleto del Rey | Biblioteca Prof. Eusebio Cleto del Rey | 07/04/2026 | 658.5 A237 | L119746 | 07/04/2026 | 07/04/2026 | Libro | ALGUNAS HOJAS ARRUGADAS - ESCRITO C/ LÁPIZ LEVE - PÁG. 535 SUELTA - PLÁSTICO DAÑADO | ||||||
| Biblioteca Prof. Eusebio Cleto del Rey | Biblioteca Prof. Eusebio Cleto del Rey | 07/04/2026 | 658.5 A237 | L119748 | 07/04/2026 | 07/04/2026 | Libro |